| LEADER |
00770nam0a2200217 450 |
| 001 |
16823966 |
| 010 |
|
|
|a 978-2-7470-4473-8
|b br.
|d 12,5
|
| 100 |
|
|
|a 20131011d2026 u u0frey01 ba
|
| 101 |
1 |
|
|a fre
|c eng
|
| 102 |
|
|
|a FR
|
| 200 |
0 |
|
|a Mystères à chaque étage
|f Patrick Carman
|g traduit de l'anglais (Etats-Unis) par Anthony Moinet
|
| 207 |
|
1 |
|a
|
| 210 |
|
|
|a [Paris]
|c Bayard Jeunesse
|d impr. 2013
|
| 215 |
|
|
|a 1 vol. (408 p.)
|c couv. ill. en coul.
|d 19 cm
|
| 225 |
1 |
|
|a Colvert palace
|v 1
|
| 461 |
|
0 |
|t Colvert palace
|v 1
|
| 700 |
|
0 |
|a Carman
|b Patrick
|f 1966-....
|4 70
|
| 702 |
|
0 |
|a Moinet
|b Anthony
|f 1965-....
|4 730
|
| 900 |
|
|
|a Roman enfant
|
| 901 |
|
|
|a Accessible au prêt
|
| 995 |
|
|
|a Bibliothèque
|c Bibliothèque
|f 024016964
|h 024016964
|k E C3 CAR
|o p
|q j
|r az
|e Bibliothèque
|